[Event "Challenge"]
[Site "http://www.queenalice.com/game.php?id=483537"]
[Date "2008.10.26"]
[Round "-"]
[White "Megakhuimyak"]
[Black "ajr"]
[Result "1-0"]
[WhiteElo "1875"]
[BlackElo "1643"]

1. e4 e5 2. Nf3 Nc6 3. Nc3 a6 4. a3 Nf6 5. Bc4 h6 6. d3 d6 7. h3 Nd4 8. Nxd4
exd4 9. Ne2 c5 10. Bd2 b5 11. Ba2 Bb7 12. c3 d5 13. exd5 Bxd5 14. Bxd5 Qxd5 15.
O-O dxc3 16. Bxc3 Be7 17. Re1 O-O-O 18. Nf4 Qd6 19. Be5 Qd4 20. Bxd4 cxd4 21.
Rxe7 Rd7 22. Rxd7 Kxd7 23. Rc1 g5 24. Nh5 Nxh5 25. Qxh5 f6 26. Qf7+ Kd8 27.
Qxf6+ Ke8 28. Qxh8+ Kf7 29. Qxh6 a5 30. Rc7+ Kg8 31. Qg7# 1-0

[Event "Challenge"]
[Site "http://www.queenalice.com/game.php?id=483538"]
[Date "2008.10.26"]
[Round "-"]
[White "Megakhuimyak"]
[Black "pacou93"]
[Result "1/2-1/2"]
[WhiteElo "1791"]
[BlackElo "1672"]

1. e4 d6 2. d4 g6 3. h3 Bg7 4. Nc3 e6 5. Nf3 Nd7 6. Bb5 c6 7. Ba4 b5 8. Bb3 a5
9. a3 a4 10. Ba2 Ne7 11. b4 O-O 12. Bd2 h6 13. Qc1 Kh7 14. O-O f5 15. Bxe6 fxe4
16. Nxe4 Nf5 17. Bc3 Nb6 18. Bxc8 Rxc8 19. Ned2 Nd5 20. Bb2 Nf4 21. Re1 Re8 22.
Kf1 Rxe1+ 23. Qxe1 Qe8 24. Ne4 d5 25. Nc5 Nd6 26. Qxe8 Rxe8 27. Re1 Rxe1+
1/2-1/2

[Event "Challenge"]
[Site "http://www.queenalice.com/game.php?id=483558"]
[Date "2008.10.26"]
[Round "-"]
[White "Megakhuimyak"]
[Black "perfrh"]
[Result "0-1"]
[WhiteElo "1786"]
[BlackElo "1775"]

1. e4 e6 2. c4 d5 3. cxd5 exd5 4. exd5 Nf6 5. Nc3 Nxd5 6. Nf3 Nxc3 7. bxc3 Bg4
8. Be2 Bd6 9. h3 Bh5 10. Qb3 b6 11. Qb5+ Qd7 12. Qxh5 O-O 13. O-O Nc6 14. Bd3 g6
15. Qd5 Bh2+ 0-1

[Event "Challenge"]
[Site "http://www.queenalice.com/game.php?id=483575"]
[Date "2008.10.26"]
[Round "-"]
[White "Megakhuimyak"]
[Black "elche"]
[Result "1/2-1/2"]
[WhiteElo "1902"]
[BlackElo "1765"]

1. e4 c5 2. Nc3 e6 3. Bc4 Nc6 4. Nf3 Nf6 5. a3 d6 6. d3 Be7 7. Bd2 O-O 8. O-O
Nd7 9. Qc1 Nce5 10. Nxe5 Nxe5 11. Ba2 Ng6 12. Ne2 Bf6 13. c4 Qb6 14. Bc3 e5 15.
Bd2 Nf4 16. Nxf4 exf4 17. Bc3 Bxc3 18. Qxc3 Be6 19. Rab1 Qd8 20. d4 cxd4 21.
Qxd4 Qc7 22. b3 Qc5 23. Qb2 b6 24. a4 a5 25. Rbd1 Rad8 26. Bb1 Qe5 27. Rd2 Qxb2
28. Rxb2 Rc8 29. Rd1 Bg4 30. Rxd6 Rb8 31. Rbd2 h6 32. Rc6 Rfd8 33. Rcd6 Rxd6 34.
Rxd6 Be6 35. h3 Kf8 36. f3 Ke7 37. Rd3 Kf6 38. Kf2 g5 39. Rd1 Rb7 40. Re1 Rd7
41. e5+ Kg7 42. Re2 f6 43. exf6+ Kxf6 44. Bc2 Rd4 45. Re4 Rxe4 46. Bxe4 Ke5 47.
Ke2 Kd4 48. Kd2 Bd7 49. Bd5 Bf5 1/2-1/2

[Event "Challenge"]
[Site "http://www.queenalice.com/game.php?id=483653"]
[Date "2008.10.27"]
[Round "-"]
[White "Megakhuimyak"]
[Black "Danado"]
[Result "1-0"]
[WhiteElo "1868"]
[BlackElo "1617"]

1. e4 e5 2. Nf3 Nc6 3. Nc3 Nf6 4. Bc4 d5 5. Nxd5 Nxe4 6. a3 Bc5 7. Ne3 Bxe3 8.
fxe3 Bg4 9. Be2 Bxf3 10. Bxf3 Ng5 11. Qe2 Nxf3+ 12. Qxf3 Qe7 13. d3 O-O-O 14.
Bd2 f6 15. Qg4+ Kb8 16. Qc4 a6 17. O-O-O Qd6 18. Bc3 b5 19. Qb3 Rd7 20. Rd2 Kb7
21. g3 Rb8 22. Rhd1 Kc8 23. d4 exd4 24. Bxd4 Qd5 25. Qxd5 Rxd5 26. Bc3 Rxd2 27.
Rxd2 Kb7 28. Rd7 Re8 29. Bd2 Rg8 30. b3 h6 31. Kb2 Kc8 32. Rd3 Rd8 33. Rxd8+
Kxd8 34. Bc3 a5 35. Bd4 b4 36. a4 Ne7 37. c4 Nf5 38. Kc2 Nxd4+ 39. exd4 Kd7 40.
Kd3 Kd6 41. Ke4 g6 42. g4 c5 43. d5 Ke7 44. h3 Kd6 45. Kf4 Ke7 46. Ke4 Kd6 47.
h4 Kd7 48. h5 gxh5 49. gxh5 Kd6 50. Kf5 Ke7 51. Kg6 Kd7 52. Kxf6 Kd6 53. Kf5 Ke7
54. Ke5 Kd7 55. d6 Kd8 56. Ke6 Ke8 57. Kd5 Kd8 58. Kxc5 Kd7 59. Kd5 Kc8 60. c5
Kb7 61. c6+ Kc8 62. Ke6 Kd8 63. d7 Kc7 64. Ke7 Kb8 65. d8=Q+ Ka7 66. Qc7+ 1-0

[Event "Challenge"]
[Site "http://www.queenalice.com/game.php?id=484025"]
[Date "2008.10.27"]
[Round "-"]
[White "Megakhuimyak"]
[Black "Kuroi"]
[Result "1-0"]
[WhiteElo "1823"]
[BlackElo "1537"]

1. e4 e5 2. Nf3 Nc6 3. d4 Nf6 4. dxe5 Nxe4 5. Qd5 Nxe5 6. Qxe4 d6 7. Nxe5 dxe5
8. Qxe5+ Qe7 9. Qxe7+ Bxe7 10. Be3 O-O 11. Bd3 Be6 12. O-O Rad8 13. Nc3 c5 14.
Ne4 c4 15. Be2 b5 16. Bxa7 b4 17. Bc5 Bxc5 18. Nxc5 Bf5 19. Rac1 Rc8 20. Na4
Rfe8 21. Bf3 Bd7 22. Nb6 Rc7 23. Nxd7 Ra7 24. Ra1 Re7 25. Nc5 Ra5 26. Rfd1 g6
27. Ne4 Rea7 28. Nd6 Rc7 29. Bd5 Rd7 30. Bxc4 Rc5 31. Bxf7+ Rxf7 32. Nxf7 Kxf7
33. Rd2 Rc8 34. a4 bxa3 35. bxa3 Kg7 36. a4 Rc5 37. a5 Rc7 38. a6 Ra7 39. Rdd1
Rc7 40. a7 Rxc2 41. a8=Q Rc7 42. Ra7 Rxa7 43. Qxa7+ Kh6 44. Rd7 Kg5 45. Rxh7 Kf6
46. Qb6+ Kg5 47. h4+ Kf4 48. Rf7+ Kg4 49. Qd4+ Kh5 50. Rh7# 1-0

[Event "Challenge"]
[Site "http://www.queenalice.com/game.php?id=484269"]
[Date "2008.10.28"]
[Round "-"]
[White "Megakhuimyak"]
[Black "KasparovPadawan"]
[Result "1-0"]
[WhiteElo "1806"]
[BlackElo "1828"]

1. e4 e5 2. Nf3 d6 3. h3 Nf6 4. Nc3 Nc6 5. Bc4 h6 6. a3 Be7 7. d3 a6 8. b4 Bd7
9. Bd2 Na7 10. Qc1 Qc8 11. Nd5 Nxd5 12. Bxd5 Be6 13. Ba2 c6 14. c4 Bf6 15. Bc3
c5 16. Rb1 Nc6 17. Qb2 Nd4 18. Nxd4 exd4 19. Bd2 b5 20. cxb5 Bxa2 21. Qxa2 axb5
22. bxc5 Qxc5 23. Rb3 O-O 24. O-O Qe5 25. Rfb1 Rab8 26. Qb2 Rfe8 27. Rxb5 Rxb5
28. Qxb5 Qe7 29. Bb4 Qc7 30. Qxe8+ Kh7 31. Qa4 Be5 32. Qb3 Qc8 33. Qxf7 Qc2 34.
Qb3 Qe2 35. a4 1-0

[Event "Challenge"]
[Site "http://www.queenalice.com/game.php?id=485625"]
[Date "2008.10.31"]
[Round "-"]
[White "Megakhuimyak"]
[Black "paddymalonespub"]
[Result "1-0"]
[WhiteElo "1828"]
[BlackElo "1686"]

1. e4 e5 2. Nf3 d6 3. h3 Nf6 4. Nc3 Be6 5. Ng5 d5 6. Nxe6 fxe6 7. d3 Bb4 8. Bd2
d4 9. Ne2 Bxd2+ 10. Qxd2 O-O 11. Ng3 Nc6 12. a3 a5 13. c4 dxc3 14. bxc3 b5 15.
Qb2 Rb8 16. Rb1 b4 17. Qa1 Qd6 18. a4 bxc3 19. Rxb8 Nxb8 20. Qxc3 Nc6 21. Be2
Nb4 22. Qc4 Kh8 23. Nh5 Nxh5 24. Bxh5 g6 25. Be2 Qd4 26. Qxd4 exd4 27. O-O e5
28. Rc1 c6 29. Rc5 Re8 30. Rxa5 Na2 31. Kf1 Nc3 32. Rc5 Re6 33. a5 Nb5 34. Bg4
Rd6 35. Rxe5 Na3 36. Re6 Rxe6 37. Bxe6 Kg7 38. a6 Nb5 39. Bc4 Na7 40. f4 Kf6 41.
Kf2 c5 42. Kf3 h5 43. g4 hxg4+ 44. hxg4 Nc6 45. e5+ Ke7 46. e6 Kd6 47. Ke4 Na7
48. f5 g5 49. f6 Nc6 50. f7 Ke7 51. Kf5 Na7 52. Kxg5 Kf8 53. Kf6 Nc6 54. a7 Nxa7
55. e7# 1-0

[Event "star wars"]
[Site "http://www.queenalice.com/game.php?id=487551"]
[Date "2008.11.3"]
[Round "-"]
[White "Megakhuimyak"]
[Black "merlin"]
[Result "1-0"]
[WhiteElo "1846"]
[BlackElo "1551"]

1. e4 d6 2. d4 g6 3. h3 Bg7 4. Nf3 Nf6 5. Nc3 c6 6. Bd3 a5 7. a4 O-O 8. Bd2 Qb6
9. Qc1 Nfd7 10. Be3 c5 11. d5 Ne5 12. Nxe5 dxe5 13. b3 f5 14. f3 f4 15. Bf2 Qd6
16. Nb5 Qb6 17. Qa3 Nd7 18. c4 Rf6 19. Bh4 g5 20. Bxg5 Rg6 21. h4 h5 22. Rg1 Bf6
23. Bxf6 Qxf6 24. O-O-O Qxh4 25. Nc7 Ra7 26. Ne6 b6 27. Qb2 Nb8 28. Qxe5 Nd7 29.
Qxf4 Qf2 30. Qd2 Qg3 31. Rde1 Ne5 32. Nf4 Nxd3+ 33. Nxd3 e6 34. Nf4 Rg5 35. Nxe6
Bxe6 36. dxe6 Re7 37. Qd8+ Kh7 38. Qxe7+ Rg7 39. Qe8 Qe5 40. Kc2 Qd6 41. Qxh5+
Kg8 42. Qe8+ 1-0

[Event "Challenge"]
[Site "http://www.queenalice.com/game.php?id=488660"]
[Date "2008.11.6"]
[Round "-"]
[White "Megakhuimyak"]
[Black "chunyi2012"]
[Result "1/2-1/2"]
[WhiteElo "1848"]
[BlackElo "1796"]

1. e4 e5 2. Nf3 d6 3. h3 Bd7 4. Nc3 Nc6 5. Bc4 g6 6. a3 Bg7 7. d3 Nf6 8. Ng5 O-O
9. Nf3 a6 10. Bd2 b5 11. Ba2 b4 12. axb4 Nxb4 13. Bb3 c6 14. Na4 a5 15. Qc1 d5
16. exd5 Nfxd5 17. O-O Bf5 18. Re1 Re8 19. Bc4 e4 20. dxe4 Rxe4 21. Rxe4 Bxe4
22. Ne1 Qf6 23. c3 Na6 24. Bxa6 Rxa6 25. Nc5 Ra7 26. Nxe4 Qe5 27. Ng3 Qd6 28. c4
Nc7 29. Bxa5 Bd4 30. Nf3 Bc5 31. Ne4 Qe7 32. Nxc5 Qxc5 33. Bd2 Rb7 34. Be3 Qb4
35. Qd2 Qxc4 36. Bh6 Rb8 37. Qd4 Qxd4 38. Nxd4 c5 39. Rc1 Na6 40. Rc2 cxd4 41.
Rc4 d3 42. Rd4 Nc5 43. b4 Ne6 44. Rxd3 Rxb4 45. g3 Rb7 46. Kg2 Re7 47. Be3 f6
48. h4 h5 49. Bd4 Kf7 50. Be3 g5 51. hxg5 fxg5 52. Rd5 Kf6 53. Bd4+ Kg6 54. Rd6
Kf5 55. Be3 g4 56. Rd5+ Kg6 57. Re5 Re8 58. Re4 Kf5 59. Ra4 Ng7 1/2-1/2

[Event "Challenge"]
[Site "http://www.queenalice.com/game.php?id=488666"]
[Date "2008.11.6"]
[Round "-"]
[White "Megakhuimyak"]
[Black "Ayr_United"]
[Result "1-0"]
[WhiteElo "1893"]
[BlackElo "1638"]

1. e4 e5 2. Nf3 d6 3. h3 f5 4. d3 h6 5. Nc3 g6 6. Be2 Be6 7. Bd2 Qe7 8. Nh2 Nc6
9. Nf3 O-O-O 10. a3 Nd4 11. Nxd4 exd4 12. Nb5 a6 13. Nxd4 fxe4 14. dxe4 Bg7 15.
Be3 Bf7 16. Rb1 Qxe4 17. Nf3 Ne7 18. Bd3 Qc6 19. b4 d5 20. Nd4 Qc3+ 21. Qd2 Qxa3
22. O-O Bxd4 23. Bxd4 Nc6 24. Bxh8 Rxh8 25. Ra1 Qxb4 26. Qxb4 Nxb4 27. Rfe1 Nxd3
28. cxd3 Kb8 29. Re7 Rf8 30. Rae1 d4 31. Rd7 Re8 32. Rxe8+ Bxe8 33. Rd8+ Ka7 34.
Rxe8 c5 35. Re6 a5 36. Rxg6 a4 37. f4 a3 38. Re6 b5 39. f5 b4 40. f6 a2 41. Re1
b3 42. f7 b2 43. f8=Q b1=Q 44. Qxc5+ Kb8 45. Qe5+ Kb7 46. Qe4+ Kb8 47. Qf4+ Kb7
48. Qf7+ Kb6 49. Qe6+ Kb7 50. Qd7+ Kb6 51. Qxd4+ Kb7 52. Qe4+ Ka7 53. Qe3+ Kb8
54. Qf4+ Kb7 55. Qc1 Qxd3 56. Qb2+ Kc6 57. Qxa2 Qd4+ 58. Kh1 Kd6 59. Qe2 Kc5 60.
Qe3 Qxe3 61. Rxe3 Kd6 62. Kg1 h5 63. Kf2 1-0

[Event "Challenge"]
[Site "http://www.queenalice.com/game.php?id=488748"]
[Date "2008.11.6"]
[Round "-"]
[White "paddymalonespub"]
[Black "Megakhuimyak"]
[Result "0-1"]
[WhiteElo "1676"]
[BlackElo "1838"]

1. e4 e5 2. Nf3 Nc6 3. d4 exd4 4. Nxd4 Nxd4 5. Qxd4 c5 6. Qe5+ Qe7 7. Qxe7+ Bxe7
8. Bc4 Nf6 9. Nc3 O-O 10. Bg5 h6 11. Bxf6 Bxf6 12. O-O Bxc3 13. bxc3 b6 14. Rad1
Rd8 15. e5 Bb7 16. Bb5 Bc6 17. Bxc6 dxc6 18. Rxd8+ Rxd8 19. Re1 Rd2 20. Rc1 Re2
21. f4 Re3 22. Rd1 Rxc3 23. Rd8+ Kh7 24. Rf8 Kg6 25. Re8 Rxc2 0-1

[Event "Challenge"]
[Site "http://www.queenalice.com/game.php?id=489091"]
[Date "2008.11.6"]
[Round "-"]
[White "Megakhuimyak"]
[Black "sebastiam"]
[Result "1-0"]
[WhiteElo "1870"]
[BlackElo "1539"]

1. e4 Nf6 2. Nc3 e6 3. a3 Be7 4. Nf3 O-O 5. Bc4 d5 6. exd5 exd5 7. Be2 d4 8. Nb5
Na6 9. Nbxd4 c5 10. Nb3 Qd6 11. d3 Qb6 12. h3 g5 13. Bxg5 Nd5 14. Bxe7 Nxe7 15.
Qd2 Be6 16. Ne5 Bxb3 17. Nd7 Qg6 18. cxb3 Rfd8 19. Ne5 Qxg2 20. Bf3 Qg7 21. Qc3
Nf5 22. O-O-O Rd4 23. Rhg1 Ng3 24. Rxg3 Qxg3 25. fxg3 Re8 26. Bxb7 Rxe5 27. Bxa6
Re6 28. Qxc5 Rdd6 29. Bc4 Rc6 30. Qxa7 Re2 31. Qa8+ Kg7 32. Qxc6 Rh2 33. Rf1
Rxh3 34. Rxf7+ Kg8 35. Qe8# 1-0

[Event "Challenge"]
[Site "http://www.queenalice.com/game.php?id=489093"]
[Date "2008.11.6"]
[Round "-"]
[White "Megakhuimyak"]
[Black "Polux"]
[Result "1-0"]
[WhiteElo "1874"]
[BlackElo "1724"]

1. e4 e5 2. Nf3 d6 3. h3 Nf6 4. Nc3 Be7 5. Bc4 c6 6. d3 d5 7. Bb3 d4 8. Ne2 Bd6
9. Ng3 a5 10. Bd2 b5 11. a3 Qe7 12. O-O Na6 13. Qc1 Bb7 14. Nf5 Qf8 15. Nxd6+
Qxd6 16. Bxa5 Nh5 17. Bd2 Qg6 18. Ng5 O-O 19. c3 Nc5 20. Bd1 h6 21. Nf3 Nxd3 22.
Qc2 Qxe4 23. Nxe5 Qxe5 24. Qxd3 c5 25. Re1 Qd6 26. Bxh5 c4 27. Qxd4 Qxd4 28.
cxd4 Rfd8 29. Bc3 Bc6 30. Re3 Rd6 31. Bf3 Bxf3 32. Rxf3 Re8 33. Re3 Ra8 34. Rae1
Rdd8 35. Re7 Rdc8 36. Rb7 Rcb8 37. Rxb8+ Rxb8 38. Bb4 Rd8 39. Bc5 Ra8 40. Re7
Rb8 41. Ba7 Ra8 42. Rb7 Rxa7 43. Rxa7 Kf8 44. Rb7 Ke8 45. Rxb5 1-0

[Event "Challenge"]
[Site "http://www.queenalice.com/game.php?id=489320"]
[Date "2008.11.7"]
[Round "-"]
[White "Megakhuimyak"]
[Black "juim"]
[Result "0-1"]
[WhiteElo "1889"]
[BlackElo "1759"]

1. e4 d5 2. exd5 Qxd5 3. Nc3 Qd8 4. d4 e6 5. a3 Bd6 6. Nf3 Nf6 7. Bb5+ c6 8. Ba4
O-O 9. h3 c5 10. Be3 cxd4 11. Bxd4 Nc6 12. Be3 Bd7 13. O-O Qc7 14. Re1 e5 15.
Bxc6 Bxc6 16. Bg5 Qe7 17. b4 h6 18. Bh4 e4 19. Bxf6 Qxf6 20. Nxe4 Bxe4 21. Rxe4
Rad8 22. Qe1 Bc7 23. Re7 Qc6 24. Re2 Rde8 25. Ra2 Rxe2 26. Qxe2 Re8 27. Qd3 Qe6
28. Ra1 Rd8 29. Qc3 Rc8 30. Qd3 Rd8 31. Qc3 Bb6 32. Re1 Qd7 33. Ne5 Qd6 34. Qf3
Rf8 35. Qxb7 Qf6 36. Qf3 Qe7 37. Nd3 Qc7 38. Re2 Qb8 39. c4 Bc7 40. c5 a5 41.
Qe4 f5 42. Qe6+ Kh8 43. Ne5 Rf6 44. Qc4 Bxe5 45. Re1 axb4 46. axb4 f4 47. b5 f3
48. g3 Bxg3 49. b6 Rg6 50. Kf1 Bh2 0-1

[Event "Challenge"]
[Site "http://www.queenalice.com/game.php?id=489330"]
[Date "2008.11.7"]
[Round "-"]
[White "Megakhuimyak"]
[Black "Abstro"]
[Result "0-1"]
[WhiteElo "1899"]
[BlackElo "1771"]

1. e4 e5 2. Nf3 d6 3. h3 Nf6 4. Nc3 Nc6 5. Bc4 Be7 6. a3 O-O 7. d3 Be6 8. Ba2 d5
9. exd5 Nxd5 10. Nxd5 Bxd5 11. Bxd5 Qxd5 12. Bd2 e4 13. dxe4 Qxe4+ 14. Be3 Bc5
15. Qe2 Bxe3 16. fxe3 Rfe8 17. Kf2 f5 18. c3 h6 19. Rad1 f4 20. Rhe1 g5 21. Qd3
fxe3+ 22. Qxe3 Qxe3+ 23. Rxe3 Na5 24. Rxe8+ Rxe8 25. Nd4 Nc4 26. Rb1 c6 27. Kg1
Rd8 28. a4 c5 29. Nb3 b6 30. Kh2 Rd3 31. Kg1 Kf7 32. Nc1 Re3 33. Kh2 Ke6 34. Nb3
Re2 35. Kg3 Rxb2 36. Rxb2 Nxb2 37. a5 Nc4 38. axb6 axb6 39. Kf3 Kd5 40. g4 b5
41. Ke2 Nb2 42. Ke3 Kc4 43. Nd4 cxd4+ 44. cxd4 Kc3 45. d5 Nc4+ 46. Ke4 b4 47.
Kf5 b3 48. Ke6 b2 0-1

[Event "Challenge"]
[Site "http://www.queenalice.com/game.php?id=489470"]
[Date "2008.11.7"]
[Round "-"]
[White "Megakhuimyak"]
[Black "Strogonoff"]
[Result "1/2-1/2"]
[WhiteElo "1866"]
[BlackElo "1812"]

1. e4 e5 2. Nf3 Nc6 3. Nc3 Nf6 4. Bc4 Bb4 5. Bd3 d6 6. a3 Bc5 7. b4 Bb6 8. Na4
O-O 9. Nxb6 axb6 10. O-O Bg4 11. Bb2 d5 12. Re1 d4 13. h3 Bh5 14. Bf1 Ne7 15. d3
Bxf3 16. Qxf3 Ng6 17. Bc1 Nh4 18. Qg3 Ng6 19. Be2 c5 20. Bd2 Qd7 1/2-1/2

[Event "Challenge"]
[Site "http://www.queenalice.com/game.php?id=489854"]
[Date "2008.11.8"]
[Round "-"]
[White "Megakhuimyak"]
[Black "tewald"]
[Result "1-0"]
[WhiteElo "1850"]
[BlackElo "1846"]

1. e4 e6 2. c4 c6 3. a3 d5 4. cxd5 cxd5 5. exd5 Qxd5 6. Nc3 Qd7 7. d4 Nf6 8. Nf3
Nc6 9. h3 a6 10. Be3 b5 11. b4 Bd6 12. Be2 O-O 13. O-O Bb7 14. Qc1 Rac8 15. Rd1
Qc7 16. Bd2 Ne7 17. Be1 Qb8 18. Ra2 Ned5 19. Rc2 Ne4 20. Nxe4 Rxc2 21. Qxc2 Nf4
22. Nxd6 Qxd6 23. Ng5 g6 24. Bf3 Rc8 25. Qb1 Bxf3 26. Nxf3 f6 27. Kh1 Rd8 28.
Qe4 e5 29. Rd2 Qe6 30. dxe5 Rxd2 31. Bxd2 Nd5 32. Nd4 Qxe5 33. Qxe5 fxe5 34. Nc6
e4 35. Nb8 1-0

[Event "Challenge"]
[Site "http://www.queenalice.com/game.php?id=490256"]
[Date "2008.11.8"]
[Round "-"]
[White "Megakhuimyak"]
[Black "Andre251"]
[Result "1-0"]
[WhiteElo "1873"]
[BlackElo "1783"]

1. e4 e5 2. Nf3 Nc6 3. Nc3 Nf6 4. Bc4 h6 5. a3 d6 6. h3 a6 7. d3 Qe7 8. Bd2 Nd4
9. Nxd4 exd4 10. Ne2 c5 11. Ng3 Be6 12. Bxe6 fxe6 13. Qe2 g5 14. Nf1 e5 15. b4
Bg7 16. c3 1-0

[Event "Let's Play Chess!"]
[Site "http://www.queenalice.com/game.php?id=500167"]
[Date "2008.11.29"]
[Round "-"]
[White "Megakhuimyak"]
[Black "RicardoFialho"]
[Result "0-1"]
[WhiteElo "1885"]
[BlackElo "2013"]

1. e4 e5 2. Nf3 Nc6 3. Nc3 Nf6 4. Bb5 a6 5. Ba4 b5 6. Bb3 h6 7. d4 exd4 8. Nxd4
Nxd4 9. Qxd4 d6 10. Nd5 Nxd5 11. Bxd5 Rb8 12. Be3 Bb7 13. Bxb7 Rxb7 14. Qd5 Rb8
15. Qc6+ Qd7 16. Qxd7+ Kxd7 17. O-O Be7 18. h3 Rhd8 19. Bd4 f6 20. a3 Ke8 21. b4
Kf8 22. Rfe1 Rbc8 23. Rad1 c5 24. bxc5 dxc5 25. Be3 Rxd1 26. Rxd1 c4 27. f3 Rd8
28. Rxd8+ Bxd8 29. Bc5+ Be7 30. Bxe7+ Kxe7 31. Kf2 Kd6 32. Ke3 Kc5 33. g4 a5 34.
h4 b4 35. a4 b3 36. cxb3 cxb3 37. Kd3 Kb4 38. Kd2 Kxa4 39. Kc1 Kb4 40. Kb2 a4
41. Kb1 Kc3 42. Kc1 a3 43. Kb1 b2 44. Ka2 Kc2 45. Kxa3 b1=Q 0-1